| 000 | 00840cam a22002177a 4500 | ||
|---|---|---|---|
| 001 | 48985 | ||
| 005 | 20230410101711.0 | ||
| 008 | 840822s1983 fr 000 0 fre | ||
| 041 | _afre | ||
| 050 | 1 | 4 |
_a110 ND 306 _bA188p 1983 |
| 110 | 2 | _aAction culturelle municipale,Direction des Musées de Nice. | |
| 245 | 1 | 0 |
_aPeinture haitienne : _bexposition du 19 février 1983 au 29 avril 1983, Musée international d'art naif Jakovsky / _cAction culturelle municipale, Direction des Musées de Nice. |
| 260 |
_a[Nice] : _bAction culturelle municipale, Direction des musées de Nice, _c[1983] |
||
| 300 |
_a87 p. : _bill. ; _c20 cm. |
||
| 650 | 0 |
_aPainting, Haitian _y20th century. |
|
| 650 | 4 | _aCEH | |
| 650 | 4 | _aColección Estudios Haitianos | |
| 710 | 2 | _aMusée international d'art naif Jakovsky. | |
| 942 |
_2lcc _cbk |
||
| 994 |
_aC0 _bDRFGD |
||
| 999 |
_c12344 _d12344 |
||